00335nam a2200133Ia 4500008004100000020001500041041001200056082001600068100001800084245004500102260002900147300000800176650001700184221030s9999 xx 000 0 und d a8187125237 aEnglish a105.23bThi aM. L. Jhingan 0aMicro Economics Theorycby M. L. Jhingan bVrinda Pub.aDelhic2000 a774 aBE Economics